000 00939aam a2200289 i 4500
001 768714001
003 CO-MdFUSB
005 20211216124822.0
007 ta
008 211216t1960 ag |||| |||| 00| 0 spa d
020 _a[No incluye ISBN]
040 _bspa.
_aCO-MdFUSB
_cCO-MdFUSB
_dCO-MdFUSBC
_erda
041 _apor
082 0 4 _a282.09
_223
_bT315p
100 1 _aTercio, Fidel
_eautor
245 1 3 _aEl pontificado romano
_c/ Fidel Tercio
264 0 _aEl Paso, TX., USA :
_bVerdad,
_c[1960]
300 _a178 páginas
_c; 19 cm
336 _atexto
_btxt
_2rdacontent
337 _2rdamedia
_asin mediación
_bn
338 _2rdacarrier
_avolumen
_bnc
505 _aLa obra de Jesucristo. -- Sobre esta roca. -- Después de Cesarea. -- San Pedro y la iglesia de Roma. -- El pontificado en los primeros Siglos. -- La marcha del Pontificado.
563 _aRústico
653 _aPontificado
942 _cBK
945 _aJTF-925
999 _c38903
_d38903